[Event "GER-chA Seniors 26th"]
[Site "Bad Neuenahr"]
[Date "2014.08.10"]
[Round "6"]
[White "Denda, Ronald"]
[Black "Neese, Hans Joachim"]
[Result "1/2-1/2"]
[WhiteElo "1991"]
[BlackElo "2210"]
[PlyCount "121"]
[EventDate "2014.08.05"]
[EventType "swiss"]
[EventRounds "9"]
[EventCountry "GER"]
[SourceTitle "EXT 2018"]
[Source "ChessBase"]
[SourceDate "2017.10.13"]
[SourceVersion "1"]
[SourceVersionDate "2017.10.13"]
[SourceQuality "1"]

1. e4 e6 2. d4 d5 3. Nd2 c5 4. dxc5 Bxc5 5. Nb3 Bb6 6. exd5 exd5 7. Nf3 Nf6 8. Be2 0-0 9. 0-0 Bf5 10. c3 h6 11. Nbd4 Bh7 12. Bd3 Ne4 13. Be3 Nd7 14. Qc2 Ndc5 15. Bxe4 Bxe4 16. Qd2 Qf6 17. Ne1 Rfe8 18. Ne2 Rad8 19. Bd4 Qd6 20. Ng3 Bg6 21. Rd1 Bc7 22. Bxc5 Qxc5 23. Nf3 Qc4 24. b3 Qa6 25. Rfe1 Rxe1+ 26. Nxe1 Qf6 27. Nf3 a6 28. Qd4 Qxd4 29. Nxd4 Be5 30. Nge2 Bf6 31. f3 Rc8 32. Kf2 Bd8 33. Ke3 f6 34. Kd2 Bf7 35. Rc1 b5 36. Rc2 g6 37. Rc1 Bc7 38. g3 Re8 39. Re1 Bd6 40. Rb1 b4 41. Nc6 bxc3+ 42. Nxc3 Rc8 43. Nd4 Bb4 44. Rc1 f5 45. Kd3 Kg7 46. Nce2 Rxc1 47. Nxc1 Kf6 48. Nce2 g5 49. Nc2 Bd6 50. Kd4 f4 51. g4 Ke6 52. Kc3 Kd7 53. Ncd4 h5 54. h3 hxg4 55. hxg4 Bg6 56. b4 Be5 57. a4 Kc7 58. Kd2 Kd6 59. Kc3 Be8 60. Kb3 Bd7 61. Nc2 1/2-1/2

[Event "EU-chT Seniors 15th"]
[Site "Dresden"]
[Date "2013.07.25"]
[Round "6"]
[White "Fritsch, Juergen"]
[Black "Denda, Ronald"]
[Result "1-0"]
[WhiteElo "1958"]
[BlackElo "2020"]
[PlyCount "123"]
[EventDate "2013.07.20"]
[EventType "team-swiss"]
[EventRounds "9"]
[EventCountry "GER"]
[SourceTitle "CBM 155 Extra"]
[Source "ChessBase"]
[SourceDate "2013.08.26"]
[SourceVersion "1"]
[SourceVersionDate "2013.08.26"]
[SourceQuality "1"]
[WhiteTeam "Niedersachsen Freibauer"]
[BlackTeam "Rheno Palatinat"]
[WhiteTeamCountry "GER"]
[BlackTeamCountry "GER"]

1. d4 d5 2. Nf3 Nf6 3. Bf4 e6 4. e3 Nbd7 5. Bd3 c5 6. c3 b6 7. 0-0 Nh5 8. Nbd2 Bb7 9. Ne5 Nxf4 10. exf4 Bd6 11. Qh5 Bxe5 12. fxe5 g6 13. Qh6 Qe7 14. Nf3 Qf8 15. Qf4 h6 16. Bb5 0-0-0 17. a4 a6 18. Bxd7+ Rxd7 19. a5 b5 20. dxc5 Qxc5 21. Nd4 g5 22. Qf6 Rh7 23. b4 Qe7 24. Qxe7 Rxe7 25. Nb3 Kc7 26. Nc5 Bc8 27. f4 g4 28. Rad1 Kc6 29. Rd3 h5 30. h3 Re8 31. hxg4 hxg4 32. Rg3 Rg8 33. Nd3 Kc7 34. Kf2 Rh4 35. Ke3 Kc6 36. Kd4 Rg7 37. Nf2 Rg6 38. Rh1 Rxh1 39. Nxh1 f5 40. exf6 Rxf6 41. Rxg4 Rh6 42. Rg8 Rxh1 43. Rxc8+ Kb7 44. Rg8 Rd1+ 45. Kc5 Rd3 46. Rg7+ Kc8 47. Kd6 Rxc3 48. Kxe6 d4 49. f5 Re3+ 50. Kd6 d3 51. Kc6 Kd8 52. Rd7+ Ke8 53. g4 Rg3 54. Rd4 d2 55. Rxd2 Rxg4 56. Rf2 Rxb4 57. Kb6 Rd4 58. Kxa6 b4 59. Kb5 b3 60. a6 Rd6 61. Kc5 Kd7 62. a7 1-0

[Event "EU-chT Seniors 15th"]
[Site "Dresden"]
[Date "2013.07.24"]
[Round "5"]
[White "Denda, Ronald"]
[Black "Fitzke, Ulrich"]
[Result "1-0"]
[WhiteElo "2020"]
[BlackElo "2003"]
[PlyCount "175"]
[EventDate "2013.07.20"]
[EventType "team-swiss"]
[EventRounds "9"]
[EventCountry "GER"]
[SourceTitle "CBM 155 Extra"]
[Source "ChessBase"]
[SourceDate "2013.08.26"]
[SourceVersion "1"]
[SourceVersionDate "2013.08.26"]
[SourceQuality "1"]
[WhiteTeam "Rheno Palatinat"]
[BlackTeam "BSW/DBAG III"]
[WhiteTeamCountry "GER"]
[BlackTeamCountry "GER"]

1. e4 c5 2. Nf3 d6 3. d4 cxd4 4. Nxd4 Bd7 5. Nc3 g6 6. Be3 Nf6 7. Be2 Bg7 8. Qd2 Ng4 9. Bxg4 Bxg4 10. f3 Bd7 11. Bh6 0-0 12. 0-0-0 Nc6 13. Bxg7 Kxg7 14. h4 h5 15. Nd5 a6 16. Qc3 f6 17. Qe3 Nxd4 18. Qxd4 Rc8 19. Qb6 Qxb6 20. Nxb6 Rcd8 21. Rd2 Bc6 22. Rhd1 g5 23. hxg5 fxg5 24. e5 g4 25. fxg4 hxg4 26. Rd4 Kg6 27. Rxg4+ Kf5 28. Rg7 dxe5 29. Re1 Kf6 30. Rg3 Rg8 31. Rxg8 Rxg8 32. Nc4 Rg5 33. g3 b5 34. Na5 Bd5 35. Re3 Kf5 36. b3 Rg4 37. Kd2 Rd4+ 38. Ke2 b4 39. c3 bxc3 40. Rxc3 Kg4 41. Nc4 Re4+ 42. Kf2 Kf5 43. Ne3+ Ke6 44. Nxd5 Kxd5 45. Rc7 a5 46. Ra7 Kd4 47. Rxa5 Kd3 48. Rd5+ Kc3 49. Kf3 Re1 50. g4 Kb2 51. Ra5 Kc3 52. g5 Kd2 53. Rd5+ Kc3 54. g6 Rg1 55. Rxe5 Rxg6 56. Rxe7 Ra6 57. Re2 Kd3 58. Rh2 Rf6+ 59. Kg4 Rf1 60. Kg5 Rf8 61. Rh4 Rf2 62. Ra4 Kc3 63. b4 Kc4 64. a3 Rf1 65. Ra5 Rf3 66. b5 Rb3 67. a4 Rf3 68. Ra6 Kc5 69. b6 Kc6 70. a5 Kb7 71. Ra7+ Kb8 72. Re7 Ra3 73. Re5 Kb7 74. Kf6 Rb3 75. Re7+ Kc6 76. Rc7+ Kd6 77. Kf7 Rb5 78. Ra7 Rf5+ 79. Kg6 Rb5 80. b7 Kc7 81. a6 Rb6+ 82. Kf7 Rb1 83. Ra8 Rf1+ 84. Ke6 Re1+ 85. Kd5 Rd1+ 86. Ke4 Re1+ 87. Kd3 Rb1 88. Rc8+ 1-0

[Event "SVR-ch Seniors 35th"]
[Site "Nickenich"]
[Date "2012.04.07"]
[Round "7"]
[White "Wieteck, Helmut"]
[Black "Denda, Ronald"]
[Result "0-1"]
[WhiteElo "1701"]
[BlackElo "1922"]
[PlyCount "102"]
[EventDate "2012.03.30"]
[EventType "swiss"]
[EventRounds "7"]
[EventCountry "GER"]
[SourceTitle "EXT 2013"]
[Source "ChessBase"]
[SourceDate "2012.11.22"]
[SourceVersion "1"]
[SourceVersionDate "2012.11.22"]
[SourceQuality "1"]

1. d4 d5 2. c4 e6 3. Nf3 Nf6 4. Bg5 Nbd7 5. e3 c6 6. Nc3 Qa5 7. Qc2 Bb4 8. Rc1 Ne4 9. Bf4 Qxa2 10. Bd3 Bxc3+ 11. bxc3 Qxc2 12. Rxc2 f6 13. 0-0 g5 14. Bg3 Nxg3 15. fxg3 b6 16. Rcf2 Ba6 17. Nd2 Ke7 18. e4 Bxc4 19. Bxc4 dxc4 20. Nxc4 h5 21. e5 f5 22. h3 g4 23. h4 a5 24. Rb1 b5 25. Nd6 Rhb8 26. Rfb2 Nb6 27. Kf1 Nd5 28. Rc1 Nb6 29. Ke2 Nc8 30. Nxc8+ Rxc8 31. Kd3 Ra7 32. Ra1 Kd7 33. c4 Rb8 34. Rba2 a4 35. Rb1 b4 36. c5 b3 37. Ra3 Rb4 38. Kc3 Rab7 39. Rb2 Kc7 40. Ra1 Kb8 41. Ra3 Ka7 42. Ra1 Ka6 43. Ra3 Ka5 44. Ra1 Kb5 45. Rd2 Rd7 46. Rb1 Rc4+ 47. Kb2 Rdxd4 48. Rbd1 Kxc5 49. Ka3 Rxd2 50. Rxd2 Kb5 51. Rd6 Rc2 0-1

[Event "GER-ch Seniors 23rd"]
[Site "Halle"]
[Date "2011.08.11"]
[Round "7"]
[White "Denda, Ronald"]
[Black "Schulz, Wolfgang"]
[Result "1/2-1/2"]
[WhiteElo "2017"]
[BlackElo "2145"]
[PlyCount "80"]
[EventDate "2011.08.05"]
[EventType "swiss"]
[EventRounds "9"]
[EventCountry "GER"]
[SourceTitle "CBM 144 Extra"]
[Source "ChessBase"]
[SourceDate "2011.10.28"]
[SourceVersion "1"]
[SourceVersionDate "2011.10.28"]
[SourceQuality "1"]

1. e4 e5 2. Nf3 Nc6 3. Bc4 Nf6 4. Ng5 Bc5 5. Bxf7+ Ke7 6. Bd5 d6 7. d3 Rf8 8. Nf3 Bg4 9. Bxc6 bxc6 10. Be3 Bb6 11. Nbd2 Qe8 12. Qe2 Nh5 13. 0-0-0 Nf4 14. Bxf4 Rxf4 15. h3 Be6 16. a3 h6 17. c3 Qf7 18. Rdf1 Rf8 19. Kb1 g5 20. Kc1 Qf6 21. Qd1 Kd7 22. Qa4 h5 23. d4 exd4 24. Nxd4 Bxd4 25. cxd4 d5 26. f3 Qd8 27. Qxa7 dxe4 28. fxe4 Rxf1+ 29. Rxf1 Rxf1+ 30. Nxf1 Qf6 31. Nd2 Qf2 32. Qa4 Qxg2 33. d5 Bxh3 34. Qxc6+ Kd8 35. d6 cxd6 36. Qxd6+ Bd7 37. Qf8+ Kc7 38. Qc5+ Kd8 39. Qf8+ Kc7 40. Qc5+ Kd8 1/2-1/2

[Event "GER-ch Seniors 23rd"]
[Site "Halle"]
[Date "2011.08.09"]
[Round "5"]
[White "Denda, Ronald"]
[Black "Grottke, Hans Joachim"]
[Result "0-1"]
[WhiteElo "2017"]
[BlackElo "2230"]
[PlyCount "56"]
[EventDate "2011.08.05"]
[EventType "swiss"]
[EventRounds "9"]
[EventCountry "GER"]
[SourceTitle "CBM 144 Extra"]
[Source "ChessBase"]
[SourceDate "2011.10.28"]
[SourceVersion "1"]
[SourceVersionDate "2011.10.28"]
[SourceQuality "1"]

1. e4 e6 2. d4 d5 3. exd5 exd5 4. Bd3 Bd6 5. Nf3 Nf6 6. 0-0 0-0 7. Bg5 h6 8. Bh4 Bg4 9. h3 Be6 10. Nbd2 Nbd7 11. Re1 c5 12. c3 Qc7 13. Bxf6 Nxf6 14. dxc5 Bxc5 15. Nb3 Bb6 16. Qd2 Bxh3 17. gxh3 Qg3+ 18. Kf1 Qxh3+ 19. Ke2 Rfe8+ 20. Kd1 Qxf3+ 21. Kc2 Qxf2 22. Re2 Rxe2 23. Bxe2 Re8 24. Re1 Re6 25. Nc1 Be3 26. Qd1 Bxc1 27. Kxc1 h5 28. Kd2 Ne4+ 0-1

[Event "SVR-ch Seniors 34th"]
[Site "Reil"]
[Date "2011.04.23"]
[Round "7"]
[White "Kohlei, Rolf"]
[Black "Denda, Ronald"]
[Result "0-1"]
[WhiteElo "2064"]
[BlackElo "2017"]
[PlyCount "42"]
[EventDate "2011.04.15"]
[EventType "swiss"]
[EventRounds "7"]
[EventCountry "GER"]
[SourceTitle "EXT 2013"]
[Source "ChessBase"]
[SourceDate "2012.11.22"]
[SourceVersion "1"]
[SourceVersionDate "2012.11.22"]
[SourceQuality "1"]

1. e4 e5 2. f4 exf4 3. Bc4 Qh4+ 4. Kf1 d6 5. d4 Bg4 6. Nf3 Qf6 7. Nc3 Bxf3 8. Qxf3 Qxd4 9. Bb3 Nc6 10. Bxf4 0-0-0 11. Bxf7 Nf6 12. h4 Ne5 13. Be6+ Kb8 14. Qe2 Ng6 15. Bg5 Be7 16. a3 Rhf8 17. Ke1 Qe5 18. Bf5 d5 19. Rh3 dxe4 20. Bxe4 Nxe4 21. Qxe4 Bxg5 0-1

[Event "SVR-ch Seniors 34th"]
[Site "Reil"]
[Date "2011.04.21"]
[Round "4"]
[White "Denda, Ronald"]
[Black "Seibt, Friedebert"]
[Result "1-0"]
[WhiteElo "2017"]
[BlackElo "2042"]
[PlyCount "129"]
[EventDate "2011.04.15"]
[EventType "swiss"]
[EventRounds "7"]
[EventCountry "GER"]
[SourceTitle "EXT 2013"]
[Source "ChessBase"]
[SourceDate "2012.11.22"]
[SourceVersion "1"]
[SourceVersionDate "2012.11.22"]
[SourceQuality "1"]

1. e4 e5 2. Nf3 Nf6 3. Nxe5 d6 4. Nf3 Nxe4 5. Qe2 Qe7 6. d3 Nf6 7. Bg5 Qxe2+ 8. Bxe2 Be7 9. Nc3 c6 10. 0-0-0 Na6 11. Rhe1 Nc7 12. Nd4 0-0 13. Bf3 Re8 14. Re2 Ne6 15. Nf5 Nxg5 16. Nxe7+ Kf8 17. Nxc8 Raxc8 18. Rxe8+ Rxe8 19. Be2 d5 20. h4 Ne6 21. d4 h5 22. g3 g6 23. Bf3 Ng7 24. Kd2 Nf5 25. Ne2 Nd6 26. c3 a5 27. Rf1 Ng4 28. Bxg4 hxg4 29. Nf4 Nc4+ 30. Kc2 Kg7 31. b3 Nd6 32. Kd3 b5 33. Rc1 Re4 34. c4 bxc4+ 35. bxc4 dxc4+ 36. Rxc4 Nxc4 37. Kxe4 Nd6+ 38. Ke5 Nc4+ 39. Ke4 Nd6+ 40. Kd3 Kf8 41. Ng2 Ke7 42. Ne3 f5 43. Nc4 Ne4 44. Nxa5 Nxf2+ 45. Ke3 Ne4 46. Nxc6+ Kf6 47. a4 Ke6 48. Kf4 Kf6 49. a5 Nc3 50. Ke3 Nd5+ 51. Kd3 g5 52. hxg5+ Kxg5 53. Ne5 f4 54. gxf4+ Kxf4 55. Nxg4 Kxg4 56. Ke4 Nb4 57. d5 Kg5 58. Ke5 Kg6 59. Ke6 Kg7 60. d6 Kf8 61. d7 Nc6 62. a6 Nd8+ 63. Kd6 Nf7+ 64. Kc7 Ke7 65. a7 1-0

[Event "EU-chT Seniors 12th"]
[Site "Dresden"]
[Date "2010.02.15"]
[Round "6"]
[White "Van Kemenade, Rudy"]
[Black "Denda, Ronald"]
[Result "1/2-1/2"]
[WhiteElo "2039"]
[BlackElo "2043"]
[PlyCount "59"]
[EventDate "2010.02.10"]
[EventType "team-swiss"]
[EventRounds "9"]
[EventCountry "GER"]
[SourceTitle "CBM 134 Extra"]
[Source "ChessBase"]
[SourceDate "2010.03.03"]
[SourceVersion "1"]
[SourceVersionDate "2010.03.03"]
[SourceQuality "1"]
[WhiteTeam "Wales (Seniors)"]
[BlackTeam "Rheno Palatinat (Seniors)"]
[WhiteTeamCountry "WLS"]
[BlackTeamCountry "GER"]

1. d4 d5 2. c4 c6 3. Nf3 Nf6 4. Nbd2 Nbd7 5. g3 g6 6. Bg2 Bg7 7. 0-0 0-0 8. b3 e6 9. Bb2 b6 10. Qc2 Bb7 11. e4 dxe4 12. Nxe4 Nxe4 13. Qxe4 Qc7 14. Rad1 c5 15. Qe2 cxd4 16. Nxd4 Bxg2 17. Kxg2 Qb7+ 18. Kg1 Nc5 19. Nb5 Qe4 20. Qxe4 Nxe4 21. Bxg7 Kxg7 22. Rd7 a6 23. Nc7 Nc5 24. Nxa8 Nxd7 25. Rd1 Rxa8 26. Rxd7 Rb8 27. Kg2 Kf8 28. Kf3 Ke8 29. Ra7 a5 30. h4 1/2-1/2

[Event "GER-chT Seniors 18th"]
[Site "Finsterbergen"]
[Date "2009.09.16"]
[Round "5"]
[White "Seeck, Klaus"]
[Black "Denda, Ronald"]
[Result "1-0"]
[WhiteElo "2155"]
[BlackElo "2069"]
[PlyCount "54"]
[EventDate "2009.09.12"]
[EventType "team-swiss"]
[EventRounds "7"]
[EventCountry "GER"]
[SourceTitle "CBM 132 Extra"]
[Source "ChessBase"]
[SourceDate "2009.11.03"]
[SourceVersion "1"]
[SourceVersionDate "2009.11.03"]
[SourceQuality "1"]

1. e4 d5 2. e5 c5 3. c3 Nc6 4. d4 e6 5. Nf3 f6 6. Bd3 Qb6 7. 0-0 Bd7 8. dxc5 Bxc5 9. b4 Be7 10. exf6 Nxf6 11. Bg5 d4 12. b5 Nd8 13. Nxd4 e5 14. Nf5 Bxf5 15. Bxf5 Qxb5 16. Bd3 Qb6 17. Nd2 Nc6 18. Rb1 Qc7 19. Bf5 g6 20. Bh3 Nd5 21. Qg4 Bxg5 22. Qxg5 0-0 23. Be6+ Kg7 24. Bxd5 Rf5 25. Qe3 Rd8 26. Bxc6 bxc6 27. Ne4 Rd5 1-0

[Event "EU-chT Seniors 11th"]
[Site "Velden"]
[Date "2009.04.11"]
[Round "7"]
[White "Lehtosaari, Kalevi"]
[Black "Denda, Ronald"]
[Result "1-0"]
[WhiteElo "2031"]
[BlackElo "2066"]
[PlyCount "77"]
[EventDate "2009.04.05"]
[EventType "team-swiss"]
[EventRounds "9"]
[EventCountry "AUT"]
[SourceTitle "CBM 129 Extra"]
[Source "ChessBase"]
[SourceDate "2009.05.05"]
[SourceVersion "2"]
[SourceVersionDate "2009.05.20"]
[SourceQuality "1"]

1. Nf3 d5 2. d4 Nf6 3. g3 c6 4. Bg2 Bf5 5. Nbd2 Qc8 6. h3 Na6 7. c3 h6 8. Ne5 Nc7 9. f3 e6 10. 0-0 Bd6 11. e4 Bh7 12. Nxf7 Kxf7 13. e5 Be7 14. exf6 Bxf6 15. f4 Rf8 16. Re1 Ne8 17. b3 Nd6 18. Ba3 Rd8 19. Bxd6 Rxd6 20. Nf3 Kf8 21. Ne5 Bxe5 22. Rxe5 c5 23. Qe2 cxd4 24. cxd4 Qc6 25. Re1 Re8 26. g4 Bg6 27. Qd2 Rc8 28. Qe3 Bf7 29. Rf1 Qc3 30. Qf2 Kg8 31. f5 exf5 32. Rxf5 Be6 33. Re5 Kh8 34. Rfe1 Bg8 35. g5 Rf8 36. Qxf8 Qxd4+ 37. Kh2 hxg5 38. Rxg5 Rh6 39. Re8 1-0